书目信息 |
| 题名: |
新时代黑白摄影
|
|
| 作者: | 李大伟 著 | |
| 分册: | ||
| 出版信息: | 北京 人民邮电出版社 2021 |
|
| 页数: | 187页 | |
| 开本: | 24cm | |
| 丛书名: | ||
| 单 册: | ||
| 中图分类: | J419.9 , J419 | |
| 科图分类: | ||
| 主题词: | 黑白摄影--摄影技术 | |
| 电子资源: | ||
| ISBN: | 978-7-115-57250-9 | |
| 000 | 00816nam0 2200229 450 | |
| 001 | 2241994669 | |
| 005 | 20221019114102.73 | |
| 010 | @a978-7-115-57250-9@dCNY89.00 | |
| 100 | @a20211228d2021 em y0chiy50 ea | |
| 101 | 0 | @achi |
| 102 | @aCN@b110000 | |
| 105 | @aa z 000yy | |
| 200 | 1 | @a新时代黑白摄影@9xin shi dai hei bai she ying@e高品质明度摄影后期完全解析@f李大伟著 |
| 210 | @a北京@c人民邮电出版社@d2021 | |
| 215 | @a187页@c图,照片@d24cm | |
| 330 | @a本书作者选取了其摄影技法的精髓部分,从黑白摄影理论、后期工具、前期拍摄、风格塑造、进阶训练和输出等几个方面,详细阐述了明度摄影的创作方法和创作思路,综合教授了该风格的摄影技法。 | |
| 606 | 0 | @a黑白摄影@x摄影技术 |
| 690 | @aJ419.9@v5 | |
| 690 | @aJ419@v4 | |
| 701 | 0 | @a李大伟@9li da wei@4著 |
| 801 | 0 | @aCN@b91MARC@c20220125 |
| 905 | @aZUCC@dJ419@e5 | |
| 新时代黑白摄影:高品质明度摄影后期完全解析/李大伟著.-北京:人民邮电出版社,2021 |
| 187页:图,照片;24cm |
| ISBN 978-7-115-57250-9:CNY89.00 |
| 本书作者选取了其摄影技法的精髓部分,从黑白摄影理论、后期工具、前期拍摄、风格塑造、进阶训练和输出等几个方面,详细阐述了明度摄影的创作方法和创作思路,综合教授了该风格的摄影技法。 |
| ● |
| 相关链接 |
|
|
|
正题名:新时代黑白摄影
索取号:J419/5
 
预约/预借
| 序号 | 登录号 | 条形码 | 馆藏地/架位号 | 状态 | 备注 |
| 1 | 2000914855 | 2000914855 | 第三书库/ [索取号:J419/5] | 在馆 | |
| 2 | 2000914856 | 2000914856 | 第三书库/ [索取号:J419/5] | 在馆 | |
| 3 | 2000914857 | 2000914857 | 第三书库/ [索取号:J419/5] | 在馆 |